Personality assessment: (Record no. 34187)

000 -LEADER
fixed length control field 00426nam a22001571a 4500
020 ## - INTERNATIONAL STANDARD BOOK NUMBER
ISBN 9788121205337
082 ## - DEWEY DECIMAL CLASSIFICATION NUMBER
Classification number 155.28
Item number HAS/P
100 ## - MAIN ENTRY--AUTHOR NAME
Personal name Qamar Hasan
245 ## - TITLE STATEMENT
Title Personality assessment:
Sub Title fresh psychological look/
Statement of responsibility, etc by Qamar Hasan; foreward by D M Pestonjee
260 ## - PUBLICATION, DISTRIBUTION, ETC. (IMPRINT)
Place of publication New Delhi:
Name of publisher Jnan,
Year of publication 1997.
300 ## - PHYSICAL DESCRIPTION
Number of Pages 317p.
500 ## - GENERAL NOTE
General note Qamar Hasan
650 ## - SUBJECT ADDED ENTRY--TOPICAL TERM
Topical Term Personality Tests
650 ## - SUBJECT ADDED ENTRY--TOPICAL TERM
Topical Term Psychology
942 ## - ADDED ENTRY ELEMENTS (KOHA)
Koha item type Book
Holdings
Withdrawn status Lost status Damaged status Not for loan Permanent Location Current Location Shelving location Date acquired Cost, normal purchase price Full call number Accession Number Cost, replacement price Price effective from Koha item type
        Sree Sankaracharya University of Sanskrit Sree Sankaracharya University of Sanskrit Stacks 08.01.2015 545.00 155.28 QAM/P 019524 0.00 08.01.2015 Book